[Event "Farum Fureso op"]
[Site "Farum"]
[Date "2016.09.23"]
[Round "1"]
[White "Hoi, Carsten"]
[Black "Jensen, Christian Skov"]
[Result "1-0"]
[WhiteElo "2390"]
[BlackElo "1800"]
[PlyCount "63"]
[EventDate "2016.09.23"]
[EventType "swiss"]
[EventRounds "4"]
[EventCountry "DEN"]
[SourceTitle "EXT 2024"]
[Source "ChessBase"]
[SourceDate "2023.10.10"]
[SourceVersion "1"]
[SourceVersionDate "2023.10.10"]
[SourceQuality "1"]

1. d4 c6 2. e4 d5 3. exd5 cxd5 4. c4 e6 5. Nc3 Nf6 6. Nf3 Be7 7. cxd5 exd5 8. Bb5+ Bd7 9. Bxd7+ Nbxd7 10. 0-0 0-0 11. Qb3 Nb6 12. Re1 Re8 13. Bg5 Ne4 14. Nxe4 dxe4 15. Rxe4 Bxg5 16. Rxe8+ Qxe8 17. Nxg5 h6 18. Nf3 Qe4 19. Re1 Qf4 20. g3 Qf6 21. Ne5 Rd8 22. Re4 g5 23. h4 Rd5 24. Ng4 Qc6 25. Qe3 Nd7 26. Re7 Kg7 27. Qf3 Nf6 28. hxg5 hxg5 29. Qxf6+ Qxf6 30. Nxf6 Kxf6 31. Rxb7 a5 32. Ra7 1-0

[Event "Farum Fureso op+"]
[Site "Farum"]
[Date "2016.??.??"]
[Round "5"]
[White "Jensen, Christian Skov"]
[Black "Nielsen, Klaus"]
[Result "1/2-1/2"]
[WhiteElo "1800"]
[BlackElo "2110"]
[PlyCount "106"]
[EventDate "2016.??.??"]
[EventType "swiss"]
[EventRounds "6"]
[EventCountry "DEN"]
[SourceTitle "EXT 2024"]
[Source "ChessBase"]
[SourceDate "2023.10.10"]
[SourceVersion "1"]
[SourceVersionDate "2023.10.10"]
[SourceQuality "1"]

1. d4 Nf6 2. Nf3 d5 3. c4 e6 4. Nc3 Bb4 5. Bg5 h6 6. Bd2 0-0 7. e3 Nbd7 8. Bd3 b6 9. cxd5 exd5 10. 0-0 Bb7 11. Rc1 a6 12. Ne5 Bd6 13. f4 Ne4 14. Nxe4 dxe4 15. Bc4 b5 16. Bb3 Nf6 17. Ba5 Rc8 18. Rf2 Bd5 19. Bxd5 Nxd5 20. Qb3 Nf6 21. Rfc2 h5 22. a3 Bxe5 23. fxe5 Ng4 24. h3 Nh6 25. Bxc7 Qg5 26. e6 Rxc7 27. Rxc7 Nf5 28. exf7+ Kh7 29. R1c5 g6 30. Qc3 Qf6 31. d5 Qd6 32. Qe1 h4 33. Qf2 Ng3 34. R7c6 Qe5 35. d6 Qe6 36. d7 Qxd7 37. Rc1 Qd3 38. Qf6 Qxe3+ 39. Kh2 Qh6 40. Rc8 Nf5 41. Qe5 e3 42. Rxf8 Qxf8 43. Qf6 e2 44. Re1 Qb8+ 45. Kg1 Qa7+ 46. Kh1 Qf2 47. Qh8+ Kxh8 48. f8Q+ Kh7 49. Qf7+ Kh6 50. Qf8+ Kg5 51. Qd8+ Kh5 52. Qh8+ Kg5 53. Qd8+ Kh5 1/2-1/2